Krediettransaksies / (Record no. 230)

MARC details
000 -LEADER
fixed length control field 00505nam a22001697a 4500
005 - DATE AND TIME OF INPUT
control field 20231101141755.0
008 - DATA ELEMENTS--GENERAL INFORMATION
fixed length control field 231101b |||||||| |||| 00| 0 eng d
020 ## - INTERNATIONAL STANDARD BOOK NUMBER
International Standard Book Number 0409028223 ; 0409028231
041 ## - LANGUAGE CODE
Language code of text Afrikaans
082 ## - SHELF NUMBER
DDC number 346.7 FLE
100 ## - MAIN AUTHOR
Main author's name Flemming, HCJ
Language of a work English
245 ## - TITLE STATEMENT
Title Krediettransaksies /
Statement of responsibility, etc. HCJ Flemming
260 ## - PUBLICATION, DISTRIBUTION, ETC.
Place of publication, distribution, etc. Durban :
Name of publisher, distributor, etc. Butterworth,
Date of publication, distribution, etc. 1982
300 ## - PHYSICAL DESCRIPTION
Other physical details xxxv, 486 pages ;
Dimensions LSN/1986/18
650 ## - SUBJECT`
Broad subject Legal practice
Own subject terms Law
942 ## - ADDED ENTRY ELEMENTS (KOHA)
Item type Books
942 ## - ADDED ENTRY ELEMENTS (KOHA)
-- ALISON_BN_VRIES
Holdings
Source of classification or shelving scheme Not for loan Collection code Home library Current library Shelving location Date acquired Full call number Barcode Price effective from Koha item type
Dewey Decimal Classification   TEXT BOOKS LAW SOCIETY OF NAMIBIA LIBRARY - WINDHOEK LAW SOCIETY OF NAMIBIA LIBRARY - WINDHOEK INSOLVENCY AND INSURANCE 11/01/2023 346.7 FLE LSN/1986/18 11/01/2023 Books